00301nam a2200109Ia 4500008004100000020001800041100001400059245003600073260003000109500002400139650002800163230524s9999 xx 000 0 und d a9788172540311 aKay White 0aDraft Your Own Business Letters bGoodwill Publishing House aQuantity Number: 1 aPersonality Development